00934 a2200205 4500003000500000005001700005040000900022082001600031100003700047245010200084260003300186300001500219505023300234650002300467651001900490700005900509942001200568999001900580952012900599NUST20251203141630.0 cNust a621.382,FAT aNC Rabia Fatima (TCC-21)9132179 aImplementation of virtual table tennis /cNC Rabia Fatima , NC Aamina Hassan and PC Mustafa Waqar aRawalpindibMCS (NUST)c2013 axi, 71 p.; aIntroduction (Page-1), Background and literature Review (Page- 4), Kinect Implementation (Page-14), Implementation Using Digital Camera (Page-27), Analysis and Evaluation (Page-40), future Work (Page-52), Bibliography (Page-57). aUG Project9131132 aTCC-219132180 aSupervised by Ast Prof Dr. Muhammad Arif Wahla9132183 cPR2ddc c210852d210852 00102ddc4070aMCSbMCScREFd2016-12-12o621.382,FATpMCSPTC-179r2016-12-08w2016-12-12yPRzAlmirah No. 94, Shelf No. 4